000
00303nam a22001337a 4500
008
180924b xxu||||| |||| 00| 0 eng d
020
_a
9780131432703
041
_a
eng
080
_a
159.9
100
_a
49
101
_a
PSI
245
_a
The Psychology of Investing
_c
Nofsinger, J.R
942
_2
udc
_c
BK
999
_c
48397
_d
48397